000 00766nam a2200229 a 4500
001 BRCA_1145
005 20190320203311.0
008 850222r1984 nyua---##b---#001-0ceng-#
020 _a2719102407
040 _aDLC
_cDLC
_dDLC
050 4 _aNK2549
_b.D86 1984
100 1 _aDuncan, Alastair
_d1942-
_92285
245 1 0 _aMobilier
_bArt Déco
_cAlastair Duncan
260 _aSuiza
_bOffice du Livre
_c1985
300 _a191 p.
_bil. (algunas a color)
_c28 cm.
500 _aIncluye índice alfabetico y ápendice
504 _aBibliografía : p. 187
650 1 4 _aDiseñadores de muebles
_xBiografía
_zFrancia
_93766
650 1 4 _aMuebles
_xHistoria
_ySiglo XX
_zFrancia
_93767
650 1 4 _aDecoración y ornamentación
_xArte decorativo
_zFrancia
_93768
942 _2lcc
_cB
999 _c1022
_d1022